Statistics for Baby boys names in italy in 2011

Click here to take the quiz!

General Stats

  • This quiz has been taken 59 times
  • The average score is 28 of 50

Answer Stats

PositionName% Correct
1Francesco
88%
12Luca
88%
14Marco
85%
2Alessandro
82%
3Andrea
79%
43Paolo
76%
19Giovanni
74%
5Matteo
74%
16Antonio
71%
46Daniel
71%
48Giorgio
71%
9Davide
68%
4Lorenzo
68%
13Giuseppe
65%
42Samuel
65%
17Simone
65%
36Gabriel
62%
6Gabriele
62%
40Giulio
62%
8Leonardo
62%
29Michele
62%
20Pietro
62%
10Riccardo
62%
15Tommaso
62%
7Mattia
59%
37Nicola
59%
11Federico
56%
26Filippo
56%
38Stefano
56%
45Alberto
53%
23Alessio
53%
21Christian
53%
30Cristian
53%
24Edoardo
53%
31Giacomo
50%
41Luigi
50%
33Manuel
50%
22Nicolò
47%
44Angelo
44%
27Emanuele
44%
28Daniele
41%
25Diego
41%
39Thomas
41%
35Vincenzo
38%
47Domenico
32%
34Salvatore
32%
18Samuele
32%
50Gioele
29%
49RRaffaele
18%
32Jacopo
15%

Score Distribution

Percentile by Number Answered

Percent of People with Each Score

Your Score History

You have not taken this quiz